№ 2 (151); Экономика и предпринимательство

Detalhes bibliográficos
Parent link:Экономика и предпринимательство. № 2 (151).— , 2019-
Resumo:Режим доступа: по договору с организацией-держателем ресурса
Idioma:russo
Publicado em: 2023
Acesso em linha:https://www.elibrary.ru/contents.asp?id=53744149
Formato: MixedMaterials Recurso Electrónico Livro
KOHA link:https://koha.lib.tpu.ru/cgi-bin/koha/opac-detail.pl?biblionumber=590519

MARC

LEADER 00000nam2a2200000 4500
001 590519
005 20231101131621.0
035 |a (RuTPU)RU\TPU\prd\293283 
035 |a RU\TPU\prd\293282 
090 |a 590519 
100 |a 20230621a20209999k y0rusy50 ca 
101 0 |a rus 
102 |a RU 
181 0 |a i  
182 0 |a b 
200 0 |a № 2 (151)  |b Электронный ресурс 
203 |a Текст  |c электронный 
210 |d 2023 
333 |a Режим доступа: по договору с организацией-держателем ресурса 
461 1 |0 (RuTPU)RU\TPU\prd\283550  |t Экономика и предпринимательство  |v № 2 (151)  |d 2019- 
801 0 |a RU  |b 63413507  |c 20010227  |g PSBO 
801 1 |a RU  |b 63413507  |c 20170824 
801 2 |a RU  |b 63413507  |c 20230621  |g RCR 
856 4 0 |u https://www.elibrary.ru/contents.asp?id=53744149 
942 |c BK